[Event "Saint Louis Blitz 2024"]
[Site "Saint Louis USA"]
[Date "2024.08.15"]
[Round "5.3"]
[White "Firouzja,Alireza"]
[Black "Nakamura,Hi"]
[Result "1-0"]
[WhiteElo "2751"]
[BlackElo "2802"]

1.e4 e6 2.d4 d5 3.exd5 exd5 4.Nf3 Bd6 5.c4 Nf6 6.c5 Be7 7.h3 b6 8.Be3 O-O
9.Nc3 Ba6 10.Bxa6 Nxa6 11.Qa4 Nb8 12.O-O c6 13.b4 Qc7 14.Rfe1 Nbd7 15.Bf4 Qxf4
16.Rxe7 a5 17.Qxc6 axb4 18.Nxd5 Nxd5 19.Qxd5 Nf6 20.Qc4 bxc5 21.Qxc5 b3 22.Qc4 b2
23.Rb1 Rfc8 24.Qxf7+  1-0

[Event "Saint Louis Blitz 2024"]
[Site "Saint Louis USA"]
[Date "2024.08.15"]
[Round "6.1"]
[White "Nakamura,Hi"]
[Black "Dominguez Perez,L"]
[Result "1-0"]
[WhiteElo "2802"]
[BlackElo "2748"]

1.Nf3 Nf6 2.g3 c5 3.e3 Nc6 4.d4 cxd4 5.exd4 d5 6.Bg2 Bf5 7.O-O e6 8.Qe2 Be7
9.c3 O-O 10.Nbd2 Ne4 11.Nb3 h6 12.Ne5 Nxe5 13.dxe5 Nc5 14.Nd4 Be4 15.h4 Bxg2
16.Kxg2 Rc8 17.Bf4 a6 18.Rad1 b5 19.a3 Qb6 20.Rfe1 Rfe8 21.Qg4 Kh7 22.Qh5 Kg8
23.Qg4 Kh7 24.Be3 Qb7 25.h5 a5 26.f4 b4 27.cxb4 axb4 28.f5 bxa3 29.bxa3 exf5
30.Qxf5+ Kg8 31.Qg4 Qa6 32.Nf5 Bf8 33.Nxh6+ Kh7 34.Qf5+ g6 35.Qxf7+ Bg7 36.Ng4 Ne4
37.hxg6+  1-0

[Event "Saint Louis Blitz 2024"]
[Site "Saint Louis USA"]
[Date "2024.08.15"]
[Round "7.2"]
[White "Aronian,L"]
[Black "Nakamura,Hi"]
[Result "0-1"]
[WhiteElo "2729"]
[BlackElo "2802"]

1.e4 e6 2.d4 d5 3.Nd2 c5 4.dxc5 Nf6 5.exd5 Qxd5 6.Nb3 Qxd1+ 7.Kxd1 Nbd7 8.Bb5 a6
9.Ba4 Be7 10.f3 O-O 11.Be3 Nd5 12.Bd4 e5 13.Bf2 Rd8 14.Ne2 N7b6 15.cxb6 Nxb6+
16.Kc1 Nxa4 17.Ng3 Be6 18.Re1 Rac8 19.Be3 f5 20.Bd2 Rd5 21.Ne2 Rd6 22.Nc3 Nb6
23.Rxe5 Nc4 24.Re2 Rcd8 25.g3 Bf6 26.a4 b6 27.f4 Bf7 28.Rf2 R6d7 29.Rb1 Re8
30.Nd1 Bh5 31.c3 Be2 32.Ne3 Rxe3  0-1

[Event "Saint Louis Blitz 2024"]
[Site "Saint Louis USA"]
[Date "2024.08.15"]
[Round "8.2"]
[White "Nakamura,Hi"]
[Black "So,W"]
[Result "0-1"]
[WhiteElo "2802"]
[BlackElo "2751"]

1.Nf3 d5 2.g3 c5 3.Bg2 Nc6 4.d4 Nf6 5.O-O e6 6.e3 Be7 7.b3 O-O 8.dxc5 Bxc5
9.Bb2 b6 10.c4 Bb7 11.Qe2 dxc4 12.Rd1 Qe7 13.Qxc4 Rfd8 14.Nc3 Rxd1+ 15.Rxd1 Rd8
16.Qe2 h6 17.Ne1 Rxd1 18.Qxd1 Nb4 19.a3 Nc6 20.b4 Bd6 21.Qa4 Qd7 22.Ne4 Nxe4
23.Bxe4 a6 24.Qd1 Qc7 25.Nf3 f5 26.Bd3 Ne5 27.Be2 Qc6 28.Bxe5 Bxe5 29.h4 Bb2
30.a4 Bf6 31.b5 axb5 32.axb5 Qd5 33.Qxd5 Bxd5 34.Nd2 Kf8 35.Bc4 Ke7 36.Bxd5 exd5
37.Nb3 Kd6 38.Kf1 d4 39.Ke2 Kd5 40.exd4 Bxd4 41.Kf3 Be5 42.g4 Kc4 43.Nd2+ Kxb5
44.gxf5 Kc5 45.Ke4 Bf6 46.h5 b5 47.f4 b4 48.Kd3 Kd5 49.Nb3 Bc3 50.Nc1 Bb2
51.Nb3 Bc3 52.Nc1 Bd4 53.Nb3 Bb6 54.Nd2 Bd8 55.Ne4 b3 56.Nc3+ Kc5 57.Nd1 Bf6
58.Kd2 Kd5 59.Kd3 b2 60.Ne3+ Kc5 61.Kc2 Kd4  0-1

[Event "Saint Louis Blitz 2024"]
[Site "Saint Louis USA"]
[Date "2024.08.15"]
[Round "9.3"]
[White "Praggnanandhaa,R"]
[Black "Nakamura,Hi"]
[Result "1-0"]
[WhiteElo "2749"]
[BlackElo "2802"]

1.d4 Nf6 2.Bg5 c5 3.d5 Qb6 4.Nc3 d6 5.e4 g6 6.Rb1 Bg7 7.Nf3 h6 8.Bf4 g5 9.Be3 Ng4
10.Bd2 f5 11.Bb5+ Kd8 12.Qe2 f4 13.h4 a6 14.Bd3 Rg8 15.hxg5 hxg5 16.b4 c4
17.Bxc4 Bf6 18.b5 a5 19.Na4 Qxf2+ 20.Qxf2 Nxf2 21.Kxf2 Nd7 22.g4 b6 23.Bd3 Kc7
24.c4 Nf8 25.e5 dxe5 26.c5 Nd7 27.cxb6+ Nxb6 28.Rhc1+ Kb7 29.Nxb6 Kxb6 30.Rc6+ Kb7
31.d6 Kb8 32.dxe7 Bxe7 33.Nxe5 Rd8 34.Ke2 Rd5 35.Bc3 Bd6 36.Be4 Rxe5 37.Rxc8+  1-0

[Event "Saint Louis Blitz 2024"]
[Site "Saint Louis USA"]
[Date "2024.08.16"]
[Round "10.1"]
[White "Vachier Lagrave,M"]
[Black "Nakamura,Hi"]
[Result "0-1"]
[WhiteElo "2721"]
[BlackElo "2802"]

1.e4 e5 2.Nf3 Nc6 3.Bb5 a6 4.Ba4 Bc5 5.c3 Nge7 6.O-O Ba7 7.d4 Ng6 8.Bxc6 dxc6
9.Nxe5 Nxe5 10.dxe5 Qe7 11.Qf3 Qxe5 12.Bf4 Qe7 13.Qg3 Be6 14.Bxc7 f6 15.Nd2 h5
16.Nf3 g5 17.Nd4 h4 18.Qd6 Qxd6 19.Bxd6 Kf7 20.b4 Bc4 21.Rfe1 Rad8 22.e5 Rhe8
23.Re3 fxe5 24.Bxe5 Bxd4 25.cxd4 Bd5 26.h3 Re6 27.a3 Kg6 28.f3 Rde8 29.Kf2 R6e7
30.a4 Rf7 31.a5 Rh7 32.Rae1 Rhe7 33.Rg1 Rh7 34.Ree1 Kf5 35.Bd6 Re6 36.Rxe6 Kxe6
37.Bc5 Kf6 38.Re1 Rd7 39.Re5 Be6 40.Ke3 Rd5 41.Re4 Rd7 42.f4 g4 43.hxg4 Bxg4
44.Re5 Bf5 45.Bb6 Kg6 46.Re8 Rg7 47.Bd8 Kh7 48.Bg5 h3 49.gxh3 Bxh3 50.Ke4 Rf7
51.Ke5 Rf5+ 52.Kd6 Rd5+ 53.Kc7 Rxd4 54.Be7 Re4 55.Kxb7 Bd7 56.Rd8 Rxe7 57.Kxa6 Bg4
58.Rd4 Re6 59.Kb6 Bf3 60.Kc5 Be2 61.Rd6 Re4 62.Rxc6 Rc4+ 63.Kd6 Rxb4 64.f5 Ra4
65.f6 Rxa5 66.f7 Kg7 67.Ke7 Ra7+ 68.Kd6 Bh5 69.f8=Q+ Kxf8 70.Rc8+ Be8 71.Rc5 Ra6+
72.Ke5 Ke7 73.Rd5 Rh6 74.Kd4 Bc6 75.Re5+ Kd6 76.Rg5 Rh4+ 77.Ke3 Bd5 78.Kd3 Kc5
79.Ke3 Re4+ 80.Kd3 Rf4 81.Ke3 Rf3+ 82.Ke2 Ra3 83.Rg7 Kd4 84.Rd7 Ra2+ 85.Kd1 Ke4
86.Kc1 Rh2 87.Rd8 Kd4 88.Kd1 Rf2 89.Ke1 Rf5 90.Kd2 Rh5 91.Ke2 Rh2+ 92.Kd1 Ke4
93.Kc1 Rf2 94.Rd7 Kd4 95.Kd1 Ra2 96.Rd8 Ke5 97.Kc1 Be4 98.Rd2 Ra7 99.Rd8 Rb7
100.Kd2 Rc7 101.Re8+ Kf4 102.Rf8+ Bf5 103.Re8 Rc2+ 104.Kd1 Rh2 105.Kc1 Be4
106.Rd8 Ke3 107.Rd2 Rh7 108.Rd8 Rb7  0-1

[Event "Saint Louis Blitz 2024"]
[Site "Saint Louis USA"]
[Date "2024.08.16"]
[Round "11.4"]
[White "Abdusattorov,Nodirbek"]
[Black "Nakamura,Hi"]
[Result "0-1"]
[WhiteElo "2762"]
[BlackElo "2802"]

1.e4 e6 2.d4 d5 3.exd5 exd5 4.Bd3 Nc6 5.Nf3 Bd6 6.O-O Nge7 7.c3 O-O 8.Qc2 h6
9.h3 Be6 10.Nbd2 Qd7 11.Re1 Bf5 12.Nf1 Bxd3 13.Qxd3 Nf5 14.Bd2 Rfe8 15.N1h2 Bxh2+
16.Kxh2 Nd6 17.Bf4 Ne4 18.Re2 Re6 19.Ne5 Nxe5 20.dxe5 Nc5 21.Qd4 Rc6 22.Bg3 Ne6
23.Qd3 Rd8 24.Rd1 d4 25.Red2 Qe7 26.cxd4 Rxd4 27.Qe3 Rxd2 28.Rxd2 Qc5 29.Qe4 Qc4
30.Qf3 Rb6 31.Rd7 Ng5 32.Qf5 Rg6 33.h4 Qe6 34.Rd8+ Kh7 35.Qd3 Qg4 36.hxg5 Qxg5
37.Qf3 Qxd8 38.Qxf7 Qc8 39.Kg1 c6 40.b4 h5 41.Bf4 Qg4 42.g3 h4 43.Kg2 hxg3
44.fxg3 b6 45.Kf2 Qe6 46.Qf8 Qxa2+ 47.Kf3 Qd5+ 48.Kf2 a5 49.bxa5 bxa5 50.Qf5 Qa2+
51.Kg1 Qe6 52.Qe4 c5 53.Qh1+ Kg8 54.Qa8+ Kf7 55.Qb7+ Qe7 56.Qf3 Kg8 57.Qa8+ Kf7
58.Qf3 Qe8 59.Qd5+ Re6 60.Qxc5 a4 61.Kh2 Qc6 62.Qb4 Re8 63.Kg1 Rc8 64.Qb1 Qc5+
65.Kh1 Rh8+ 66.Kg2 Qd5+ 67.Kf2 Rh2+ 68.Ke3 Qb3+  0-1

[Event "Saint Louis Blitz 2024"]
[Site "Saint Louis USA"]
[Date "2024.08.16"]
[Round "12.4"]
[White "Nakamura,Hi"]
[Black "Nepomniachtchi,I"]
[Result "1-0"]
[WhiteElo "2802"]
[BlackElo "2767"]

1.e4 c5 2.f4 d5 3.Bb5+ Bd7 4.Bxd7+ Qxd7 5.d3 Nc6 6.Nf3 dxe4 7.dxe4 Qxd1+
8.Kxd1 Nf6 9.Nbd2 g6 10.c3 Bh6 11.g3 e5 12.Re1 exf4 13.Nc4 O-O-O+ 14.Kc2 Ne8
15.Bxf4 Bxf4 16.gxf4 Nd6 17.Nxd6+ Rxd6 18.Rad1 Rxd1 19.Rxd1 f6 20.Rd5 Re8
21.Nd2 c4 22.Rd6 f5 23.Nxc4 Rxe4 24.Rxc6+ bxc6 25.Nd6+ Kd7 26.Nxe4 fxe4 27.Kd2 Ke6
28.Ke3 Kf5 29.b4 h6 30.h4 Kg4 31.c4 Kxh4 32.c5 g5 33.b5 g4 34.bxc6 g3 35.c7 g2
36.Kf2 Kh3 37.c8=Q+ Kh2 38.Qg4 e3+ 39.Kxe3 g1=N  1-0

[Event "Saint Louis Blitz 2024"]
[Site "Saint Louis USA"]
[Date "2024.08.16"]
[Round "13.5"]
[White "Caruana,F"]
[Black "Nakamura,Hi"]
[Result "1/2-1/2"]
[WhiteElo "2793"]
[BlackElo "2802"]

1.c4 Nf6 2.d4 c6 3.Nc3 d5 4.cxd5 cxd5 5.Bf4 Nc6 6.e3 a6 7.Bd3 Bg4 8.Nge2 e6
9.O-O Bd6 10.Bxd6 Qxd6 11.Na4 O-O 12.Rc1 Rab8 13.Qb3 Bxe2 14.Bxe2 e5 15.dxe5 Qxe5
16.Bf3 d4 17.Rfe1 Qa5 18.Nc5 dxe3 19.Qxe3 Qxa2 20.Qc3 Qa5 21.Qxa5 Nxa5 22.b4 Nc6
23.Nxa6 bxa6 24.Rxc6 Rxb4 25.Rxa6 Rfb8 26.g3 Rb1 27.Rxb1 Rxb1+ 28.Kg2 Rb8
29.h4 h5 30.Ra8 Rxa8 31.Bxa8 g6 32.Bf3 Kg7 33.Ba8 Kg8 34.Bf3 Kg7 35.Ba8 Kg8  1/2-1/2

[Event "Saint Louis Blitz 2024"]
[Site "Saint Louis USA"]
[Date "2024.08.16"]
[Round "14.3"]
[White "Nakamura,Hi"]
[Black "Firouzja,Alireza"]
[Result "1/2-1/2"]
[WhiteElo "2802"]
[BlackElo "2751"]

1.d4 Nf6 2.Nf3 d5 3.e3 c5 4.c4 cxd4 5.Nxd4 e6 6.Nc3 Nc6 7.Be2 Bd6 8.O-O O-O
9.Nf3 dxc4 10.Bxc4 Ne5 11.Be2 Nxf3+ 12.Bxf3 Be5 13.Qb3 Rb8 14.Bd2 Bd7 15.Rfd1 Qc7
16.h3 Bc6 17.Bxc6 Qxc6 18.Rac1 Rfd8 19.Ne2 Qa6 20.Bc3 Bxc3 21.Nxc3 h6 22.Qb5 Rxd1+
23.Rxd1 Qxb5 24.Nxb5 a6 25.Nd6 Rd8 26.Rd2 Kf8 27.Ne4 Rxd2 28.Nxd2 Ke7 29.Kf1 Nd7
30.Ke2 Kd6 31.Kd3 Kc6 32.Kc3 Nf6 33.e4 e5 34.a3 b5 35.b4 Ne8 36.Nb3 Nd6 37.Na5+ Kc7
38.Kd3 Kb6 39.h4 h5 40.f3 Kc7 41.Ke3 f6 42.Kd3 Kb6 43.Ke3 Kc7 44.Kd3 Kb6
45.Ke3 Kc7 46.Kd3  1/2-1/2

[Event "Saint Louis Blitz 2024"]
[Site "Saint Louis USA"]
[Date "2024.08.16"]
[Round "15.1"]
[White "Dominguez Perez,L"]
[Black "Nakamura,Hi"]
[Result "1-0"]
[WhiteElo "2748"]
[BlackElo "2802"]

1.e4 e5 2.Nf3 Nc6 3.Bc4 Nf6 4.d3 h6 5.O-O d6 6.c3 g5 7.Bb3 Bg7 8.Nbd2 O-O
9.h3 Be6 10.Re1 Re8 11.Nf1 d5 12.Ng3 a6 13.Nh2 Qd7 14.Nh5 dxe4 15.Nxf6+ Bxf6
16.dxe4 Qxd1 17.Rxd1 h5 18.Nf1 Kg7 19.Bxe6 fxe6 20.Be3 Rad8 21.b4 Ne7 22.Nd2 Nc8
23.Kf1 Nd6 24.a4 g4 25.hxg4 hxg4 26.Ke2 Kg6 27.c4 Nc8 28.c5 Na7 29.Nb3 Nc6
30.b5 Nd4+ 31.Bxd4 exd4 32.Kd3 axb5 33.axb5 Be5 34.Na5 Rb8 35.Nc4 Bg7 36.Ra7 Rf8
37.Rf1 Rf7 38.Ke2 Rd7 39.Nb2 Rf7 40.Nd3 e5 41.Rc1 Re7 42.Rca1 Ree8 43.Rh1 Bf6
44.Rha1 Rh8 45.Rb1 Rhc8 46.b6 c6 47.Rba1 Rh8 48.Rb1 Rh2 49.g3 Rhh8 50.Raa1 Kf7
51.Ra7 Ke6 52.Nb4 Be7 53.Rc1 Rh2 54.Nxc6 bxc6 55.Rc7 Ra8 56.Rxc6+ Kf7 57.b7 Ra2+
58.Kd3 Rb2 59.Rb6 Rhxf2 60.b8=Q  1-0

[Event "Saint Louis Blitz 2024"]
[Site "Saint Louis USA"]
[Date "2024.08.16"]
[Round "16.2"]
[White "Nakamura,Hi"]
[Black "Aronian,L"]
[Result "0-1"]
[WhiteElo "2802"]
[BlackElo "2729"]

1.Nf3 d5 2.g3 g6 3.Bg2 Bg7 4.O-O e5 5.d3 Ne7 6.c4 O-O 7.Nc3 d4 8.Ne4 Nbc6
9.a3 a5 10.Rb1 f5 11.Ned2 a4 12.b4 axb3 13.Nxb3 h6 14.Ne1 Ra7 15.Nc2 b6 16.e3 dxe3
17.fxe3 Bb7 18.Bb2 Na5 19.Bxb7 Nxb7 20.d4 e4 21.Qe2 c5 22.dxc5 bxc5 23.Bxg7 Kxg7
24.Rfd1 Qc7 25.Qd2 Rd8 26.Qc3+ Kf7 27.Rf1 Ra6 28.Nc1 Qa5 29.Qe5 Nd6 30.Nb3 Nxc4
31.Qxe4 Qc3 32.Qh4 Nxe3 33.Nxe3 Qxe3+ 34.Kh1 Re6 35.Qc4 Rd5 36.a4 Qe4+ 37.Qxe4 Rxe4
38.Ra1 c4 39.Nc1 Nc6 40.Na2 Rd2 41.Nc3 Re3 42.Nb1 Rb2 43.Rc1 Ree2 44.a5 Rxh2+
45.Kg1 Nd4 46.Ra3 Ne2+ 47.Kxh2 Nxc1+ 48.Kh3 Rxb1 49.a6 Rb8 50.Rc3 Nd3 51.Rxc4 Ne5
52.Rc7+ Kf6 53.a7 Ra8 54.Rb7 Kg5 55.Rc7 h5 56.Kg2 h4 57.Kh3 hxg3 58.Kxg3 f4+
59.Kg2 Kf5 60.Kf2 g5 61.Kf1 g4 62.Kf2 g3+ 63.Kg2 Ng6 64.Rg7 Kf6 65.Rb7 Ne5
66.Rc7 Kf5 67.Kg1 f3 68.Kf1 Rh8 69.Kg1 f2+ 70.Kg2 Rh2+ 71.Kxg3 f1=N+  0-1

[Event "Saint Louis Blitz 2024"]
[Site "Saint Louis USA"]
[Date "2024.08.16"]
[Round "17.2"]
[White "So,W"]
[Black "Nakamura,Hi"]
[Result "0-1"]
[WhiteElo "2751"]
[BlackElo "2802"]

1.d4 d5 2.c4 c5 3.cxd5 Nf6 4.Nf3 cxd4 5.Nxd4 Nxd5 6.Nf3 Nc6 7.e4 Ndb4 8.a3 Qxd1+
9.Kxd1 Na6 10.Be3 g6 11.Nc3 Bg7 12.Kc2 Bg4 13.Bb5 Nc7 14.Bxc6+ bxc6 15.Nd4 Nb5
16.Ndxb5 cxb5 17.Nxb5 Rc8+ 18.Nc3 Rc7 19.f3 Bd7 20.Rac1 Bxc3 21.bxc3 Ba4+
22.Kd2 f6 23.Rb1 Kf7 24.Rb4 Rd8+ 25.Rd4 Rxd4+ 26.Bxd4 e5 27.Be3 Rb7 28.Kd3 Rb2
29.Bxa7 Rxg2 30.h4 f5 31.exf5 gxf5 32.Re1 Ke6 33.Bb8 Bc2+ 34.Kc4 e4 35.fxe4 fxe4
36.Kd4 Rd2+ 37.Ke3 Rd3+ 38.Kf4 Rxc3 39.Re3 Rc8 40.Ba7 h6 41.Rg3 Rf8+ 42.Ke3 Kd5
43.Rg6 Rf3+ 44.Kd2 Ba4 45.Be3 Rh3 46.Rxh6 Kc4 47.Rh8 Rh2+ 48.Ke1 Kd3 49.Bf4 Re2+
50.Kf1 Bb5 51.Rd8+ Kc2 52.Kg1 e3 53.Rc8+ Kd3 54.Rc5 Bc4 55.Re5 Re1+ 56.Kg2 e2
57.Bg3 Ra1 58.h5 Rxa3 59.h6 Ra7 60.Rh5 Rh7 61.Kf2 Kd2 62.Re5 Rf7+ 63.Kg2 Bd3
64.Kh3 Rf6 65.Rh5 Rf3 66.Re5 Rf6 67.Kg4 Rg6+ 68.Kf3 Kd1 69.Re7 Rxh6 70.Ke3 Ba6
71.Rd7+ Kc1 72.Rc7+ Kb1 73.Re7 Rf6 74.Kd2 Rf3 75.Rc7 Rxg3 76.Rc6 Rd3+  0-1

[Event "Saint Louis Blitz 2024"]
[Site "Saint Louis USA"]
[Date "2024.08.16"]
[Round "18.3"]
[White "Nakamura,Hi"]
[Black "Praggnanandhaa,R"]
[Result "1-0"]
[WhiteElo "2802"]
[BlackElo "2749"]

1.e4 e5 2.Nf3 Nc6 3.Bb5 a6 4.Ba4 Nf6 5.d3 Bc5 6.O-O b5 7.Bb3 d6 8.c3 h6 9.Be3 Bxe3
10.fxe3 O-O 11.Qe1 Be6 12.Bc2 Ne7 13.Nh4 c5 14.Nd2 Ng6 15.Nf5 a5 16.a4 b4
17.Bb3 Rb8 18.Bc4 Kh7 19.cxb4 Rxb4 20.b3 Bxc4 21.dxc4 Rb6 22.Ng3 Qd7 23.Ne2 Qe6
24.Nc3 Ne7 25.Qb1 Kg8 26.Qd3 Nc6 27.Rf3 Nb4 28.Qe2 Nh7 29.Raf1 Rb7 30.Nb5 Rd7
31.R3f2 Ng5 32.h4 Nh7 33.Nb1 Nf6 34.N1c3 Ne8 35.h5 Nc7 36.Rf5 Ne8 37.Qf3 Nc7
38.Qg3 Kh8 39.Qf2 Nca6 40.Rd1 Kg8 41.Ne2 Nc6 42.Nec3 Nab4 43.Qg3 Ne7 44.Rf3 Kh8
45.Rdf1 Ng8 46.Nd5 Nxd5 47.exd5 Qe7 48.Rf5 Rb7 49.Qe1 Qd8 50.R1f3 Rd7 51.Rf1 Rb7
52.Qg3 Qe7 53.R1f3 Qd8 54.Qf2 Qe7 55.Kf1 Rd7 56.Ke1 Qe8 57.Kd1 f6 58.Rh3 Ne7
59.Rff3 f5 60.e4 f4 61.g3 Ng8 62.gxf4 Nf6 63.Qe3 Ng4 64.Qg1 Nf6 65.Qg6 exf4
66.Qxe8 Rxe8 67.Rxf4 Re5 68.Rfh4 Kg8 69.Nc3 Rb7 70.Kc2 Kf8 71.Rf3 Ke8 72.Rf5 Rbe7
73.Kd3 Rxf5 74.exf5 Re5 75.Ne4 Ke7 76.Ng3 Re1 77.Rh2 Rd1+ 78.Kc2 Rg1 79.Re2+ Kd7
80.Re3 Ng4 81.Rc3 Rg2+ 82.Kd1 Rh2 83.Ne4 Rxh5 84.Rg3 Rh4 85.f6 g5 86.f7 Ke7
87.Nxd6 Rh1+ 88.Ke2 Rh2+ 89.Ke1 h5 90.Rf3 Kf8 91.Ne4 Rh1+ 92.Kd2 Rh2+ 93.Kc3 Ne5
94.Rf5 Rh3+ 95.Kb2 Nd3+ 96.Ka3 Rh1 97.b4 axb4+ 98.Kb3 Rh3 99.Nxg5  1-0

[Event "Titled Tue 20th Aug Early"]
[Site "chess.com INT"]
[Date "2024.08.20"]
[Round "1"]
[White "Nakamura,Hi"]
[Black "Zenin,D"]
[Result "1-0"]
[WhiteElo "2802"]
[BlackElo "2140"]

1.Nf3 Nf6 2.g3 g6 3.d3 Bg7 4.e4 d6 5.Bg2 O-O 6.O-O e5 7.Nbd2 Nbd7 8.Re1 Re8
9.Nf1 b6 10.c4 a5 11.Ne3 Nc5 12.b3 Ng4 13.Nd5 c6 14.Nc3 f5 15.h3 Nh6 16.d4 Nd7
17.d5 c5 18.Ng5 Nf8 19.Nb5 Rb8 20.Na7 Rb7 21.Nc6 Qf6 22.f4 Nf7 23.Nxf7 Qxf7
24.fxe5 dxe5 25.exf5 gxf5 26.Bb2 Ng6 27.Qd2 Rd7 28.Rf1 Bb7 29.Qg5 Rf8 30.Rae1 e4
31.Bxg7 Qxg7 32.Rxf5  1-0

[Event "Titled Tue 20th Aug Late"]
[Site "chess.com INT"]
[Date "2024.08.20"]
[Round "1"]
[White "Nakamura,Hi"]
[Black "Santos Flores,A"]
[Result "1-0"]
[WhiteElo "2802"]
[BlackElo "2168"]

1.Nf3 Nf6 2.g3 d5 3.Bg2 c6 4.d3 Bf5 5.c4 e6 6.Qb3 Qb6 7.Be3 Qxb3 8.axb3 a6
9.Nc3 Nbd7 10.Nh4 Bg6 11.h3 Be7 12.Kd1 O-O 13.Kc2 Bc5 14.Bxc5 Nxc5 15.b4 Ncd7
16.b3 Rac8 17.f4 Ne8 18.e4 dxe4 19.dxe4 f6 20.Rhd1 Nb8 21.Nxg6 hxg6 22.Na4 Rc7
23.Nc5 Kf7 24.Rd8 b6 25.Rxb8 bxc5 26.bxc5 g5 27.e5 gxf4 28.gxf4 fxe5 29.fxe5 Ke7
30.Be4 Rf2+ 31.Kc3 Rh2 32.Bg6 Rxh3+ 33.Kb4 Rh8 34.Rxa6  1-0

[Event "Titled Tue 20th Aug Late"]
[Site "chess.com INT"]
[Date "2024.08.20"]
[Round "2"]
[White "Dragomirescu,R"]
[Black "Nakamura,Hi"]
[Result "0-1"]
[WhiteElo "2347"]
[BlackElo "2802"]

1.b3 c5 2.Bb2 d6 3.e4 Nc6 4.Bb5 Bd7 5.f4 Nf6 6.Nc3 g6 7.Nf3 Bg7 8.d3 O-O
9.O-O Nd4 10.Bxd7 Qxd7 11.Qd2 Rac8 12.h3 Nh5 13.Nxd4 cxd4 14.Ne2 e5 15.f5 Nf6
16.c4 dxc3 17.Nxc3 d5 18.fxg6 hxg6 19.Nxd5 Nxd5 20.exd5 Qxd5 21.Rae1 Rfd8
22.Qe2 Rc5 23.Qe4 Rc2 24.Rf2 Qxe4 25.Rxe4 Rxf2 26.Kxf2 Rxd3 27.Bxe5 Rd2+
28.Kf3 Rxa2 29.Bxg7 Kxg7 30.Re7 b6 31.Rb7 g5 32.g3 Ra3 33.Kg2 Kg6 34.g4 f5
35.gxf5+ Kxf5 36.Rf7+ Ke4 37.Rf3 b5 38.Rg3 Kf5 39.Rf3+ Kg6 40.Kg3 a5 41.Kg4 a4
42.Rf5 Rxb3 43.Rxg5+ Kf6 44.Rg8 a3 45.Ra8 Rb4+ 46.Kg3 Ra4 47.Rf8+ Kg7 48.Rf7+  0-1

[Event "Titled Tue 20th Aug Early"]
[Site "chess.com INT"]
[Date "2024.08.20"]
[Round "2"]
[White "Arslanov,S"]
[Black "Nakamura,Hi"]
[Result "0-1"]
[WhiteElo "2410"]
[BlackElo "2802"]

1.d4 e6 2.e4 Ne7 3.Nc3 Ng6 4.Be3 d5 5.Qd2 Bb4 6.a3 Ba5 7.b4 Bb6 8.e5 a5 9.b5 a4
10.Bd3 c5 11.dxc5 Ba5 12.Bxg6 hxg6 13.f4 Nd7 14.Nf3 Qc7 15.Qd4 Nxc5 16.Qxc5 Bxc3+
17.Ke2 Qxc5 18.Bxc5 Bxa1 19.Rxa1 Bd7 20.Kd3 Bxb5+ 21.Kd4 f6 22.h3 Bc6 23.Rb1 Ra5
24.Bb4 Ra8 25.Re1 Kf7 26.h4 Rac8 27.Bc5 Bb5 28.Rb1 Ba6 29.Rb6 Rc6 30.Rxc6 bxc6
31.g4 Be2  0-1

[Event "Titled Tue 20th Aug Late"]
[Site "chess.com INT"]
[Date "2024.08.20"]
[Round "3"]
[White "Nakamura,Hi"]
[Black "Raczek,Krzysztof"]
[Result "1-0"]
[WhiteElo "2802"]
[BlackElo "2395"]

1.Nf3 d5 2.g3 Nf6 3.Bg2 e6 4.d3 Be7 5.Nbd2 Nc6 6.O-O O-O 7.e4 dxe4 8.dxe4 e5
9.Nc4 Nxe4 10.Nfxe5 Nxe5 11.Nxe5 Nf6 12.Qe2 Re8 13.Be3 c6 14.Rfe1 Be6 15.c3 Qa5
16.Bd4 Rad8 17.Qc2 Qc7 18.Nf3 Bd5 19.Ng5 g6 20.Rad1 Bxg2 21.Kxg2 Nd5 22.Nf3 Bf6
23.Rxe8+ Rxe8 24.c4 Bxd4 25.cxd5 Bf6 26.dxc6 Rc8 27.Qa4 Qxc6 28.Qxa7 Bxb2
29.Rb1 Bf6 30.Qxb7 Qxb7 31.Rxb7 Ra8 32.Nd2 Rxa2 33.Ne4 Bd4 34.Rd7 Bb6 35.Rd6 Ba7
36.g4 Kg7 37.Rd7 h6 38.h4 Bb6 39.Kg3 Ra7 40.Rd5 Re7 41.f3 Bc7+ 42.Kg2 Bf4
43.h5 g5 44.Rb5 Kg8 45.Rb2 Kg7 46.Kf1 Rd7 47.Rb3 Rc7 48.Ke2 Rd7 49.Rb2 Be5
50.Rc2 Bf4 51.Nf2 Re7+ 52.Ne4 Rd7 53.Rc6 Be5 54.Nd2 Bf4 55.Nb3 Re7+ 56.Kf2 Be3+
57.Kg2 Rb7 58.Rc3 Ba7 59.Kf1 Rb4 60.Ke2 Bd4 61.Rd3 Bf6 62.Nc5 Rb2+ 63.Kd1 Be5
64.Rd5 Bf4 65.Rd3 Rb1+ 66.Ke2 Rb2+ 67.Ke1 Rb1+ 68.Rd1 Rb2 69.Nd3 Bg3+ 70.Kf1 Rc2
71.Kg1 Kf6 72.Rb1 Rd2 73.Rb3 Kg7 74.Kf1 Rc2 75.Nb4 Rc1+ 76.Ke2 Re1+ 77.Kd2 Re5
78.Nc6 Bf4+ 79.Kd3 Rc5 80.Nd4 Re5 81.Nf5+ Kh7 82.Rb7 Re6 83.Rxf7+ Kg8 84.Rg7+ Kh8
85.Rg6 Re1 86.Rxh6+ Kg8 87.Rg6+ Kh7 88.Rg7+ Kh8 89.h6 Re6 90.Rd7 Bh2 91.Kd4 Bf4
92.Kd5 Re5+ 93.Kc6 Re6+ 94.Kb7 Bh2 95.Rf7 Bf4 96.Kc8 Rc6+ 97.Kd8 Rg6 98.Ke8 Bc1
99.Rb7 Bd2 100.Kf7 Rg8 101.Ne7 Rb8 102.Rxb8+ Kh7 103.Ng6 Bc3 104.Rb5 Kxh6
105.Rf5 Bg7 106.Ne7 Bh8 107.Ng8+ Kh7 108.Rxg5 Bg7 109.Rh5+ Bh6 110.Rxh6+  1-0

[Event "Titled Tue 20th Aug Early"]
[Site "chess.com INT"]
[Date "2024.08.20"]
[Round "3"]
[White "Nakamura,Hi"]
[Black "Punin,Andrii"]
[Result "1-0"]
[WhiteElo "2802"]
[BlackElo "2289"]

1.e3 Nf6 2.Ne2 g6 3.Ng3 Bg7 4.d4 O-O 5.c4 d5 6.Nc3 c5 7.dxc5 Qa5 8.cxd5 Nxd5
9.Qxd5 Bxc3+ 10.Bd2 Rd8 11.Bxc3 Qxc3+ 12.bxc3 Rxd5 13.Ne4 Bf5 14.c4 Re5 15.Nd2 Rxc5
16.Be2 Nd7 17.O-O Rac8 18.Nb3 R5c7 19.Nd4 Ne5 20.Nb5 Rc5 21.Nxa7 Ra8 22.Nb5 Nxc4
23.Nd4 Nd6 24.Rfd1 Bd7 25.Rd2 h5 26.h4 Kf8 27.Rb2 Rac8 28.Bf3 Rc1+ 29.Rxc1 Rxc1+
30.Kh2 Bc8 31.Rb6 Ra1 32.Bd5 Ke8 33.e4 f6 34.f4 Kf8 35.e5 fxe5 36.fxe5 Nf7
37.Nf3 Nh6 38.Rxg6 Ng4+ 39.Kg3 Ke8 40.Rg8+ Kd7 41.Rh8 Rd1 42.Bb3 Rb1 43.Rxh5 Ne3
44.Rg5 Rb2 45.h5 Rxg2+ 46.Kf4  1-0

[Event "Titled Tue 20th Aug Late"]
[Site "chess.com INT"]
[Date "2024.08.20"]
[Round "4"]
[White "Gokerkan,Cem Kaan"]
[Black "Nakamura,Hi"]
[Result "0-1"]
[WhiteElo "2490"]
[BlackElo "2802"]

1.e4 e6 2.d4 d5 3.Nc3 Nf6 4.e5 Nfd7 5.f4 c5 6.Nf3 Qb6 7.Na4 Qa5+ 8.c3 cxd4
9.b4 Qc7 10.Nxd4 a6 11.Qf3 Nc6 12.Be3 b5 13.Nb2 Ncxe5 14.fxe5 Qxc3+ 15.Kd1 Qxb2
16.Rc1 Qxb4 17.Qg3 Qa4+ 18.Ke2 Nb6 19.Kf2 Nc4 20.Bxc4 bxc4 21.Rhf1 Rb8 22.Kg1 Rb7
23.h4 h5 24.Rb1 Qd7 25.Rxb7 Qxb7 26.Kh1 Qc7 27.Rb1 g6 28.Bg5 Bg7 29.Nf3 O-O
30.Qf4 f6 31.Bh6 fxe5 32.Qg5 e4 33.Bxg7 Qxg7 34.Ne5 Kh7 35.Rb8 Rf1+ 36.Kh2 Rf5  0-1

[Event "Titled Tue 20th Aug Early"]
[Site "chess.com INT"]
[Date "2024.08.20"]
[Round "4"]
[White "Cherniaiev,Tykhon"]
[Black "Nakamura,Hi"]
[Result "1/2-1/2"]
[WhiteElo "2306"]
[BlackElo "2802"]

1.Nf3 e6 2.d4 Ne7 3.c4 Ng6 4.g3 c5 5.Bg2 Nc6 6.O-O cxd4 7.Nxd4 a6 8.Nc3 Qc7
9.Be3 Nce5 10.b3 d5 11.Rc1 dxc4 12.bxc4 Ng4 13.Qd2 Ba3 14.Rc2 O-O 15.Rb1 Rd8
16.Qe1 Nxe3 17.fxe3 Bc5 18.Qf2 Ne5 19.Qf4 Rd7 20.Ne4 Be7 21.c5 Ng6 22.Qxc7 Rxc7
23.Nd6 Ra7 24.Nxc8 Rxc8 25.Rxb7 Rxb7 26.Bxb7 Rxc5 27.Rxc5 Bxc5 28.Bxa6 Ne5
29.h3 Nd7 30.Bb5 Nb6 31.Kf2 Nd5 32.Nc2 Nc3 33.Bc4 Ne4+ 34.Kg2 Kf8 35.Bd3 Nc3
36.a3 g6 37.Kf3 Ke7 38.h4 Nb1 39.a4 Bb6 40.Nd4 Nc3 41.Nb5 Nxa4 42.Bc2 Nc5
43.Nd4 Nd7 44.Nc6+ Kd6 45.Nd4 Ne5+ 46.Kg2 Nc4 47.Kf3 e5 48.Nb5+ Ke7 49.e4 Ba5
50.Bd3 Nb2 51.Na3 Bc3 52.Nc4 Na4 53.Ne3 Kf8 54.Nd5 Bd4 55.Bb5 Nc5 56.Nf6 Kg7
57.Ne8+ Kf8 58.Nf6 Kg7 59.Ne8+ Kh8 60.Nd6 f6 61.Ne8 f5 62.Nd6 Nb3 63.exf5 Bc5
64.Nf7+ Kg7 65.fxg6 Nd4+ 66.Ke4 Nxb5 67.gxh7 Kxh7 68.Ng5+ Kg6 69.Kxe5 Bd6+
70.Ke4 Bxg3 71.Nf3 Kh5 72.Kf5 Nc3 73.e4 Nb5 74.e5 Kh6 75.e6 Kg7 76.h5 Nd6+
77.Kg4 Bf2 78.Ng5 Be3 79.h6+ Kxh6 80.Nf7+ Nxf7 81.exf7 Kg7 82.f8=Q+ Kxf8  1/2-1/2

[Event "Titled Tue 20th Aug Late"]
[Site "chess.com INT"]
[Date "2024.08.20"]
[Round "5"]
[White "Nakamura,Hi"]
[Black "Grigoriants,S RUS"]
[Result "1-0"]
[WhiteElo "2802"]
[BlackElo "2533"]

1.e4 e5 2.Bc4 Nf6 3.d3 c6 4.Nf3 d5 5.Bb3 Bb4+ 6.c3 Bd6 7.O-O O-O 8.Re1 Nbd7
9.exd5 cxd5 10.Bg5 Qc7 11.Nbd2 b5 12.Nf1 Bb7 13.d4 e4 14.N3d2 h6 15.Bh4 Bf4
16.Bg3 Nb6 17.Ne3 Rad8 18.a4 a6 19.a5 Nc4 20.Bxc4 bxc4 21.Bxf4 Qxf4 22.b3 cxb3
23.Nxb3 Bc6 24.Nc5 Bb5 25.g3 Qc7 26.f3 Rfe8 27.fxe4 dxe4 28.Qc2 h5 29.c4 Bc6
30.Qc3 Ba8 31.Nxa6 Qd6 32.Nb4 Qxd4 33.Qxd4 Rxd4 34.Red1 Rxd1+ 35.Rxd1 Ng4
36.Nbc2 Nxe3 37.Nxe3 Rc8 38.c5 g6 39.Rd7 Kg7 40.Ra7 Bc6 41.Nc2 Kf6 42.Nb4  1-0

[Event "Titled Tue 20th Aug Early"]
[Site "chess.com INT"]
[Date "2024.08.20"]
[Round "5"]
[White "Nakamura,Hi"]
[Black "Rothuis,V"]
[Result "1-0"]
[WhiteElo "2802"]
[BlackElo "2346"]

1.Nf3 Nf6 2.g3 d5 3.Bg2 c6 4.O-O Bf5 5.Nh4 Bg4 6.d4 e6 7.c4 Nbd7 8.h3 Bh5
9.g4 Ne4 10.Nf3 Bg6 11.Nc3 Be7 12.Bf4 h5 13.e3 hxg4 14.hxg4 dxc4 15.Rc1 Nxc3
16.Rxc3 Bd3 17.Rxd3 cxd3 18.Qxd3 Nf6 19.Ne5 Bd6 20.Qe2 Qe7 21.Rc1 Rd8 22.Bg5 Qc7
23.Nc4 Bh2+ 24.Kf1 Rd7 25.f4 Nh7 26.Ne5 Nxg5 27.Nxd7 Bxf4 28.Nc5 Rh2 29.Nxb7 Ne4
30.Qd3 Ng3+ 31.Kg1 Kf8 32.exf4 Qxf4 33.Rc3  1-0